decode - Sabrina Carpenter - Statistics

General Stats
  • This quiz has been taken 161 times
  • The average score is 243 of 293
Answer Stats
Hint Answer % Correct
the
96%
to
96%
a
94%
decode
94%
(No)
94%
there
94%
I
93%
left
93%
not
93%
nothin'
93%
you
93%
go
91%
there's
91%
Post-Chorus | Verse 2 There's
91%
your
91%
and
90%
for
88%
me
88%
so
88%
at
87%
let
87%
we
87%
who
87%
Verse 1 You're
87%
you're
87%
i'm
86%
night
86%
why
86%
every
84%
here
84%
it
84%
now
84%
Pre-Chorus Now
84%
keep
83%
tired
83%
up
83%
wonder
83%
back
81%
can
81%
good
81%
where
81%
Pre-Chorus But
80%
front
80%
else
78%
beside
77%
had
77%
lookin'
77%
someone
77%
confusion
75%
don't
75%
from
75%
in
75%
minute
75%
my
75%
Chorus Overanalyzed
75%
single
75%
too
75%
bein'
74%
did
74%
gettin'
74%
just
74%
signs
74%
stayin'
74%
silence
72%
that
72%
then
72%
walk
72%
away
71%
cares
71%
it's
71%
off
71%
shoulders
71%
impersonating
70%
much
70%
myself
70%
reread
70%
undertone
70%
chase
68%
emasculate
68%
old
68%
scared
68%
learnin'
67%
weight
67%
done
65%
fallin'
65%
gaps
65%
givin'
65%
word
65%
wrote
62%
indecision
61%
our
54%
unpacked
54%
future
49%
make
46%
selves
43%
video
43%
wanna
43%
Chorus Overanalyzed
41%
No matching quizzes found
Score Distribution
Percent of People with Each Score
Percentile by Number Answered
Your Score History
You have not taken this quiz